| 000 | 00420nam a22001817a 4500 | ||
|---|---|---|---|
| 003 | MPLRDC | ||
| 005 | 20220104172307.0 | ||
| 008 | 210129b ||||| |||| 00| 0 eng d | ||
| 082 | _a992 HILL v.2 | ||
| 100 | _aDARLENE GEIS | ||
| 245 |
_aLET'S TRAVEL IN HAWAII _c |
||
| 250 | _a初版 | ||
| 260 |
_a _bMCGRAW-HILL _c1969 |
||
| 300 | _b平 | ||
| 490 | _aA LET'S TRAVEL BOOK | ||
| 650 | _a | ||
| 942 |
_cBK _o992 HILL v.2 |
||
| 999 |
_c58867 _d58857 |
||